000 00229 a2200097 4500
001 31425
100 _aDieter, Carol Mecullough
245 _aOracle 8 Developer's Guide
260 _aNew Delhi
_bIDG
_c1999
090 _c21310
_d21310
942 _aNUST-CAE
_cM
_c12571
999 _c266498
_d266498